|
|
|
|
| LEADER |
01652nam2a22003015004500 |
| 001 |
2449483 |
| 003 |
BD-DhAAL |
| 008 |
091022s1985bgkbl0000engd |
| 010 |
|
|
|a 88900611
|
| 040 |
|
|
|a DLC
|c DLC
|d DLC
|d BD-DhAAL
|
| 082 |
0 |
0 |
|a 346.5492015
|a 345.4920615
|2 19
|
| 110 |
1 |
|
|a Bangladesh.
|
| 240 |
1 |
0 |
|a Pāribārika Ādālata Adhyādeśa, 1985
|
| 245 |
1 |
4 |
|a The family courts ordinance, 1985 and other personal laws :
|b with full commentaries and upto-date amendments /
|c Alimuzzaman Choudhury.
|
| 260 |
|
|
|a Dhaka
|b A.Chowdhury,
|c 1985.
|
| 300 |
|
|
|a 88 pages :
|b forms ;
|c 26 cm.
|
| 500 |
|
|
|a All laws contained herein amended upto March 1987--T.p. verso.
|
| 504 |
|
|
|a Includes bibliographical references.
|
| 541 |
1 |
|
|e 00002819
|
| 650 |
0 |
|
|a Domestic relations courts
|z Bangladesh.
|9 6155
|
| 650 |
0 |
|
|a Domestic relations (Islamic law).
|9 59239
|
| 700 |
1 |
|
|a Choudhury, Alimuzzaman,
|d 1938-
|9 46739
|
| 852 |
4 |
|
|a Ayesha Abed Library
|j General Shelf
|
| 942 |
|
|
|2 ddc
|c BK
|
| 999 |
|
|
|c 5075
|d 5075
|
| 952 |
|
|
|0 0
|1 0
|2 ddc
|4 0
|6 346_549201500000000_FAM
|7 0
|9 4922
|a BRACUL
|b BRACUL
|c GEN
|d 2009-11-03
|g 0.00
|l 3
|m 17
|o 346.5492015 FAM
|p 3010002819
|r 2023-04-09
|s 2023-03-12
|t 1
|w 2009-11-03
|y BK
|x No price found in the accession register.
|
| 952 |
|
|
|0 0
|1 0
|2 ddc
|4 0
|6 346_549201500000000_FAM_1985
|7 0
|9 9617
|a BRACUL
|b BRACUL
|c GEN
|d 2010-05-02
|g 27.00
|l 3
|m 21
|o 346.5492015 FAM
|p 3010002818
|r 2023-10-15
|s 2023-10-10
|t 2
|w 2010-05-02
|y BK
|
| 952 |
|
|
|0 0
|1 0
|2 ddc
|4 0
|6 346_549201500000000_FAM
|7 0
|9 17889
|a BRACUL
|b BRACUL
|c GEN
|d 2011-08-23
|g 0.00
|l 0
|o 346.5492015 FAM
|p 3010002820
|r 2011-08-23
|t 3
|w 2011-08-23
|y BK
|z Not price in Register
|x Koha Inventory 2020 ; Previously missing book recovered on 03 September 2025
|